Geológia pre poľnohospodárov

Bibliographic Details
Main Authors: Slovík, Rudolf, 1933- (Author), Libant, Vladimír (Author)
Format: Book
Language:Slovak
PhysicalDescription:84 s. 30 cm
Published: V Nitre Slovenská poľnohospodárska univerzita 1999
ISBN:8071376043
Edition:4. nezm. vyd.
Subjects:

MARC

LEADER 00000nam a2200000 a 4500
001 vtls001375672
003 SK-MaSNL
005 20260302034315.0
008 240509s1999 xo bap r yy slo
015 |a SNBA1999/12-04714 
020 |a 8071376043  |c 68,00 SK 
035 |a SNK000329581 
035 |a urn:nbn:sk:snk-amtk9g 
035 |a urn:nbn:sk:snk-am00c7j8 
035 |a 4226B8D0-AA67-411B-93AE-80F4AEF0C664 
040 |a SNK  |b slo  |c SNK  |e AACR2 
041 0 |a slo 
044 |a xo  |c SK 
080 |a 55(075.8)  |2 1981 
100 1 |a Slovík, Rudolf,  |d 1933-  |4 aut  |9 38334 
245 1 0 |a Geológia pre poľnohospodárov  |c R. Slovík, V. Libant 
250 |a 4. nezm. vyd. 
260 |a V Nitre  |b Slovenská poľnohospodárska univerzita  |c 1999 
300 |a 84 s.  |c 30 cm 
500 |a 300 výt. 
504 |a Bibliogr. s. 84 
650 0 7 |a geológia  |2 SNK  |9 167377 
655 7 |a Textbooks (higher)  |2 SNKPHeng  |9 276436 
655 7 |a učebnice vysokých škôl  |2 SNKPH  |9 70191 
700 1 |a Libant, Vladimír  |4 aut  |9 7040 
752 |d Nitra 
919 |a 80-7137-604-3 
958 |a TL 
958 |a UV 
958 |a NB 
958 |a OND 
999 |c 1065697  |d 1067627 
952 |t P60, <04>, [BOOK], {604}  |a SNK  |b SNK  |y VYP  |7 0  |p 17A0216053  |o snkSB 60973 D1  |i snkKSP 10609/99  |0 0  |1 0  |4 0  |d 1999-10-27  |l 0  |r 2005-01-02 00:00:00  |w 2026-02-24 
952 |t P60, <03>, [BOOK], {603}  |a SNK  |b SNK  |y PREZ  |7 0  |p 17A0216052  |o snkSB 60973  |i snkKSP 10608/99  |0 0  |1 0  |4 0  |d 1999-10-27  |f 1  |l 0  |r 2025-04-11 00:00:00  |w 2026-02-24